Ethics and culture : (Record no. 144202)

MARC details
000 -LEADER
fixed length control field 00665nam a22002177a 4500
005 - DATE AND TIME OF LATEST TRANSACTION
control field 20170908115448.0
010 ## - LCCN (DPL NO)
LC control number ENG-120363
020 ## - INTERNATIONAL STANDARD BOOK NUMBER
International Standard Book Number 8186921524
Terms of availability 795.00
020 ## - INTERNATIONAL STANDARD BOOK NUMBER
International Standard Book Number 9788186921524
035 ## - SYSTEM CONTROL NUMBER
System control number EN-103895
037 ## - SOURCE OF ACQUISITION
Source of stock number/acquisition DBAD/PUB
082 ## - DEWEY DECIMAL CLASSIFICATION NUMBER
Classification number 170.954
245 ## - TITLE STATEMENT
Title Ethics and culture :
Statement of responsibility, etc edited by Indrani Sanyal [and] Sashinungla
Remainder of title some Indian reflections /
260 ## - PUBLICATION, DISTRIBUTION, ETC. (IMPRINT)
Place of publication, distribution, etc New Delhi
Name of publisher, distributor, etc Decent Books
Date of publication, distribution, etc 2010
270 ## - ADDRESS
Address D-36/A-1,Mohan Garden,Najafgarh Road
City New Delhi
Postal code 110059
300 ## - PHYSICAL DESCRIPTION
Extent viii,364p.
Dimensions 23cm(Hb)
500 ## - GENERAL NOTE
General note Includes index
700 ## - ADDED ENTRY--PERSONAL NAME
Personal name Sanyal,Indrani
700 ## - ADDED ENTRY--PERSONAL NAME
Personal name Sashinungla
942 ## - ADDED ENTRY ELEMENTS (KOHA)
Source of classification or shelving scheme Dewey Decimal Classification
Item type English Books
Classification part 170.954
Call number suffix ETH
Holdings
Withdrawn status Lost status Not for loan Collection code Home library Current library Date acquired Source of acquisition Cost, normal purchase price Full call number Barcode Copy number Cost, replacement price Koha item type
    Not For Loan Non-fiction D.B.Act.Division Bawana 08/09/2017 DBAD/PUB 795.00 170.954 ETH EN-103895 1 795.00 English Books

© Delhi Public Library
Hit Counter
free hit counter